Score 0/20 Timer 04:00
0 Plays Today
Question Answer Wrong Answers
Country music star Man in Black (Johnny Cash)
87.9%
Man in Black (Westworld)
1.5%
Man in Black (Lost)
0.6%
Man in Black (Princess Bride)
0.6%
Portrayed by Joaquin Phoenix in 'Walk the Line' Man in Black (Johnny Cash)
83.9%
Man in Black (Westworld)
2.5%
Man in Black (Lost)
1.8%
Man in Black (Princess Bride)
2.1%
Not fictional Man in Black (Johnny Cash)
81.7%
Man in Black (Westworld)
2.4%
Man in Black (Lost)
3.3%
Man in Black (Princess Bride)
2.9%
Married to June Carter Man in Black (Johnny Cash)
80.4%
Man in Black (Westworld)
3.6%
Man in Black (Lost)
4.2%
Man in Black (Princess Bride)
1.9%
Portrayed by Ed Harris Man in Black (Westworld)
78.8%
Man in Black (Johnny Cash)
3.1%
Man in Black (Lost)
4.9%
Man in Black (Princess Bride)
3.4%
Known for the phrase 'As you wish' Man in Black (Princess Bride)
70.8%
Man in Black (Johnny Cash)
2.2%
Man in Black (Westworld)
10.3%
Man in Black (Lost)
6.8%
In love with Buttercup Man in Black (Princess Bride)
69.8%
Man in Black (Johnny Cash)
4.4%
Man in black (Westworld)
8.3%
Man in Black (Lost)
7.5%
Portrayed by Cary Elwes Man in Black (Princess Bride)
68.1%
Man in Black (Johnny Cash)
3.4%
Man in black (Westworld)
8.6%
Man in Black (Lost)
9.3%
From an HBO drama Man in Black (Westworld)
65.4%
Man in Black (Johnny Cash)
2.3%
Man in Black (Lost)
17.8%
Man in Black (Princess Bride)
4.3%
From a Rob Reiner directed film Man in Black (Princess Bride)
64.4%
Man in Black (Johnny Cash)
4.7%
Man in black (Westworld)
12.4%
Man in Black (Lost)
8.4%
From an ABC drama Man in Black (Lost)
62.3%
Man in Black (Johnny Cash)
2.1%
Man in Black (Westworld)
18.9%
Man in Black (Princess Bride)
6.4%
Portrayed by Titus Welliver Man in Black (Lost)
60.9%
Man in Black (Johnny Cash)
3.8%
Man in Black (Westworld)
15.9%
Man in Black (Princess Bride)
8.8%
Real name is Westley Man in Black (Princess Bride)
60.3%
Man in Black (Johnny Cash)
6.3%
Man in black (Westworld)
12%
Man in Black (Lost)
11%
Can assume the form and memories of the deceased Man in Black (Lost)
51.4%
Man in Black (Johnny Cash)
2.5%
Man in black (Westworld)
28.9%
Man in Black (Princess Bride)
7%
Named William Man in Black (Westworld)
51.3%
Man in Black (Johnny Cash)
5.2%
Man in Black (Lost)
22.1%
Man in Black (Princess Bride)
11.4%
Mostly seen as a cloud of black smoke Man in Black (Lost)
46.3%
Man in Black (Johnny Cash)
3.2%
Man in Black (Westworld)
22.8%
Man in Black (Princess Bride)
17.8%
Had a brother named Tommy Man in Black (Johnny Cash)
45.6%
Man in Black (Westworld)
23.1%
Man in Black (Lost)
15.2%
Man in Black (Princess Bride)
5.8%
Has a twin brother named Jacob Man in Black (Lost)
45.5%
Man in Black (Johnny Cash)
13.5%
Man in Black (Westworld)
21.6%
Man in Black (Princess Bride)
8.8%
Has a daughter named Emily Man in Black (Westworld)
37.7%
Man in Black (Johnny Cash)
27.4%
Man in Black (Lost)
18.3%
Man in Black (Princess Bride)
6.2%
Married to Juliet Man in Black (Westworld)
34.6%
Man in Black (Johnny Cash)
6.3%
Man in Black (Lost)
32.5%
Man in Black (Princess Bride)
16.4%

Today's Daily Dose

Missing Word
1900s A-Z

Word Ladder
Space Firsts

Quick Pick
Salsa

Get the Picture
Body Systems

Remove Ads.
Support Sporcle.
Get the best of Sporcle when you Go Orange. This ad-free experience offers more features, more stats, and more fun while also helping to support Sporcle. Thank you for becoming a member.

You're not logged in!

Compare scores with friends on all Sporcle quizzes.
OR
Log In

Show Comments

Extras

Top Quizzes Today


Score Distribution

Your Account Isn't Verified!

In order to create a playlist on Sporcle, you need to verify the email address you used during registration. Go to your Sporcle Settings to finish the process.

Report this User

Report this user for behavior that violates our Community Guidelines.

Details: